| 000 | 00607nam a2200193 4500 | ||
|---|---|---|---|
| 001 | 115880 | ||
| 003 | ES-MaACL | ||
| 005 | 20231228173806.0 | ||
| 007 | t| | ||
| 008 | 061121s1919 sp r ||||1| spa d | ||
| 100 | 1 |
_aOrs, Eugenio d', _d1881-1954 _987358 |
|
| 245 | 1 | 0 |
_aGrandeza y servidumbre de la inteligencia / _cEugenio d'Ors. |
| 260 |
_aMadrid : _b[s.n.], _c1919 ( _fImp. Clásica Española) |
||
| 300 |
_a71 p. ; _c19 cm. |
||
| 500 | _aEs publicación de la Residencia de Estudiantes. Serie IV. | ||
| 505 | 8 | _aVol. 8 | |
| 852 |
_aES-MaACL _jD-5630 _bR.30173 |
||
| 999 |
_c115880 _d115880 |
||